Wer hat's gesagt? - Harry Potter Edition - Statistiken

Allgemein
  • Dieses Quiz wurde 1.772 mal gespielt
  • Das Durchschnittsergebnis liegt bei 12 aus 15
Antwortstatistiken
Zitat Charakter % Korrekt
Du bist ein Zauberer, Harry. Rubeus Hagrid
99%
Es heißt LeviOsa, nicht LeviosA! Hermine Granger
97%
Angst, Potter? Draco Malfoy
96%
Eidotter, Gänsekraut und Sonnenschein, gelb soll diese dumme fette Ratte sein! Ron Weasley
96%
Ich habe genug gewartet! 12 endlose Jahre! In Askaban! Sirius Black
96%
Dreh mir nicht den Rücken zu, Harry Potter! Ich will, dass du mich ansiehst, wenn ich dich töte! Ich will sehen, wie das Licht in deinen Augen erlischt. Tom Riddle / Lord Voldemort
93%
Albernes Zauberstarbgefuchtel und kindische Hexereien wird es hier nicht geben. Severus Snape
91%
Deine Namen stammen von zwei Schulleitern von Hogwarts. Einer von ihnen war ein Slytherin und er war der mutigste Mann, den ich jemals kannte. Harry Potter
90%
Es sind nicht unsere Fähigkeiten, die zeigen, wer wir wirklich sind, sondern unsere Entscheidungen. Albus Dumbledore
87%
Sie werden jetzt gehen... Sie werden Harry Potter nicht anrühren. Sie werden jetzt gehen. Dobby
68%
Eine blamable, blindwütige Bande von Brüllaffen. Minerva McGonnagal
65%
Es ist der Wert der Überzeugungen, der den Erfolg ausmacht, nicht die Anzahl der Anhänger. Remus Lupin
58%
Zaubermolch und Kolibrigesumm, dieses Wasser sei fortan Rum! Seamus Finnigan
53%
Ruhm ist ein falscher Freund, Harry. Berühmt sein, das heißt auch ruhmreich handeln. Immer dran denken. Gilderoy Lockhart
45%
Na ja, auch wenn Sie ihn nicht sehr mögen, eines können Sie nicht bestreiten: Dumbledore hat echt Stil. Kingsley Shacklebolt
36%
Keine übereinstimmenden Quizze gefunden
Verteilung der Resultate
Anzahl Personen mit jedem Resultat
Perzentil nach korrekt beantworteten Fragen
Ihre Resultats-Entwicklung
Sie haben dieses Quiz noch nicht gespielt